Oswaal NCERT Textbook Solutions (English Class-7) (Record no. 12853)
[ view plain ]
| 000 -LEADER | |
|---|---|
| fixed length control field | 00273nam a22000977a 4500 |
| 008 - FIXED-LENGTH DATA ELEMENTS--GENERAL INFORMATION | |
| fixed length control field | 260410b |||||||| |||| 00| 0 eng d |
| 020 ## - INTERNATIONAL STANDARD BOOK NUMBER | |
| International Standard Book Number | 9789367477984 |
| 100 ## - MAIN ENTRY--PERSONAL NAME | |
| Personal name | Oswaal |
| 9 (RLIN) | 7599 |
| 245 ## - TITLE STATEMENT | |
| Title | Oswaal NCERT Textbook Solutions (English Class-7) |
| 260 ## - PUBLICATION, DISTRIBUTION, ETC. (IMPRINT) | |
| Place of publication, distribution, etc. | New Delhi |
| Name of publisher, distributor, etc. | Oswaal Books |
| Withdrawn status | Lost status | Source of classification or shelving scheme | Damaged status | Koha normalized classification for sorting | Not for loan | Home library | Current library | Shelving location | Date acquired | Total Checkouts | Full call number | Barcode | Date last seen | Price effective from | Koha item type |
|---|---|---|---|---|---|---|---|---|---|---|---|---|---|---|---|
| Dewey Decimal Classification | OSW_420_000000000000000 | Good Samaritan School Library | Good Samaritan School Library | Mathematics | 04/10/2026 | OSW420 | OSW18341 | 04/10/2026 | 04/10/2026 | BOOK |